Culture Générale - Série 294 - Statistiques

Statistiques générales
  • Ce quiz a été pris 239 fois
  • Le résultat moyen est 7 sur 10
Statistiques - réponses
Question Réponse % Correct
En géométrie, combien de côtés un trapèze compte-t-il ? 4
97%
Quelle était la couleur du fameux bonnet du commandant Cousteau ? Rouge
97%
De combien de petits tambours un bongo est-il composé ? 2
89%
Combien y a-t-il de figures dans un jeu de 32 cartes traditionnel ? 12
88%
Combien y a-t-il de "bouts" au tarot ? 3
87%
Dans notre calendrier, quel est le nom de la fête célébrée le 15 août ? L'Assomption
71%
De quel département la ville d'Evreux est-elle le chef-lieu ? L'Eure
61%
Dans quel sport le Français Stéphan Caron s'est-il illustré ? La natation
47%
A quel humoriste doit-on "Les Chroniques de la haine ordinaire" ? Pierre Desproges
36%
A quel réalisateur de cartoons doit-on le personnage de Droopy ? Tex Avery
33%
Aucun quiz correspondant
Distribution des résultats
% des personnes avec chaque résultat
Percentile par nombre de réponses
Votre historique - résultats
Vous n’avez pas pris ce quiz